Mythologie Nordique - Statistiques

Statistiques générales
  • Ce quiz a été pris 677 fois
    655 depuis la dernière actualisation
  • Le résultat moyen est 13 sur 38
Statistiques - réponses
Hint Réponse % Correct
Domaine des dieux Ases, associés à la guerre, à la justice et à la force Asgard / Gotheim
85%
Dieu du tonnerre et de la fertilité Thor
80%
Dieu souverain de la mythologie nordique, créateur du monde et de l'humanité, dieu de la guerre et de la poésie Odin
79%
Dieu de la malice, de la discorde et des illusions Loki
76%
Royaume des hommes Midgard / Mannheim
72%
Prophétie apocalyptique annonçant la fin des dieux et la destruction du monde Ragnarök
65%
Paradis des guerriers morts honorablement au combat Valhalla
62%
Arbre Monde Yggdrasil
61%
Royaume des géants Jötunheim / Utgard
54%
Loup gigantesque, fils du dieu Loki et de la géante Angrboda Fenrir
51%
Déesse des enfers Hel
50%
Domaine des morts Helheim
47%
Domaine des dieux Vanes, associés à la nature, à la fertilité et à la sagesse. Vanaheim
45%
Dieu gardien du monde d'Asgard Heimdall
44%
Terre des elfes de lumière Alfheim / Lightalfheim / Ljösalfheim
38%
Gigantesque serpent marin, fils de Loki et Angrboda Jörmungand
32%
Déesse du mariage et de la maternité, femme d'Odin Frigg
30%
Monde de la glace et des brumes Niflheim
29%
Déesse du blé et épouse de Thor Sif
28%
Dieu de la vie et de la fécondité Freyr
27%
Écureuil résidant dans les branches d'Yggdrasil Ratatosk
24%
Cheval possédant huit jambes, monture d'Odin Sleipnir
23%
Déesse de l'amour Freyja
22%
Monde du feu Muspellheim
22%
Royaume des elfes noirs Svartalfheim
22%
Dieu de la beauté et de la jeunesse Baldr
21%
Royaume des nains Nidavellir
20%
Immense dragon qui ronge les racines d'Yggdrasil. Il persécute les criminels et les dévore Nídhögg
18%
Dieu des serments et du droit Tyr
18%
Dieu principal des Vanes, dieu de l'abondance, du vent et de la mer Njörd
17%
Nain qui s'est emparé d'un trésor maudit et transformé en dragon pour le protéger Fáfnir
15%
Corbeaux messagers accompagnant le dieu Odin. Hugin et Munin
12%
Vache nourricière du premier être vivant Audhumla
7%
Sanglier d'or que les nains ont offert au dieu Freyr Gullinbursti
4%
Chèvre qui se nourrit des feuilles de l'arbre Læradr, productrice de l'hydromel Heidrun
4%
Aigle gigantesque ayant créé les vents soufflant sur les Neuf Mondes Hræsvelg
4%
Cerf fabuleux se nourrissant des jeunes pousses de Læradr Eikthyrnir
3%
Sanglier cosmique tué et consommé chaque nuit par les Ases Sæhrímnir
3%
Aucun quiz correspondant
Distribution des résultats
% des personnes avec chaque résultat
Percentile par nombre de réponses
Votre historique - résultats
Vous n’avez pas pris ce quiz depuis la dernière actualisation